000 00326nam a2200133Ia 4500
008 191201s2011 xx 000 0 und d
100 _aRAJDA, George E
245 0 _aPrinciples of Risk Management and Insurance
250 _a1st IMp
260 _aN. Delhi
_bPearson
_c2011
300 _a748
650 _aMBA
942 _2ddc
_cBK
999 _c4782
_d4782